000 00932nam a2200229Ia 4500
999 _c3381
_d3381
003 OSt
005 20200429122451.0
008 191128t2008 sp a br 000 j spa d
020 _a9788497543637
040 _aCO-JMCR
_cCO-JMCR
041 0 _aspa
082 0 4 _aC /
_bLLAz
100 1 _aLlauradó, Anna,
_eautora
_93644
245 1 0 _aLa revolución de los pájaros /
_cAnna Llauradó
250 _a[primera edición]
260 _aBarcelona ;
_bEspaña,
_c©2008
300 _a61 páginas :
_bilustraciones a color ;
_c25 cm.
500 _aIncluye datos biográficos del autor página [64]
520 _a"¿Te imaginas una ciudad sin pájaros ?¿qué harías? Algo extraño está pasando en la pequeña ciudad donde vive clara y sus amigos. Una molesta plaga de mosquitos ha invadido sus calles desde hace varias semanas y nadie sabe por qué. Ademas, coinciden con o
650 1 4 _aCuento infantil
_93645
942 _2ddc
_cBK